000 00473nam a22001697a 4500
003 OSt
008 260425b |||||||| |||| 00| 0 eng d
082 _a634.44
_bD18S
100 _aDatta, Alok
245 _aStudies on the Effect of Plant Growth Substances for Fruit Retention in Mango (Mangifera Indica L.) CV. Langra
260 _aPusa, Samastipur
_bRAU
_c1987
300 _a74P.
502 _bMsc.
_d1987
650 _aHorticulture
650 _aMsc.
942 _2ddc
_cT
999 _c50193
_d50193